[Event "POR CupT qf  40th"]
[Site "Portugal"]
[Date "2018.05.05"]
[Round "3.5"]
[White "Santos, Jose Alves"]
[Black "Fortunato, Antonio Eduardo"]
[Result "1-0"]
[WhiteElo "2110"]
[BlackElo "1617"]
[PlyCount "88"]
[EventDate "2017.12.16"]
[EventType "team-k.o."]
[EventRounds "6"]
[EventCountry "POR"]
[SourceTitle "EXT 2019"]
[Source "ChessBase"]
[SourceDate "2018.10.10"]
[SourceVersion "1"]
[SourceVersionDate "2018.10.10"]
[SourceQuality "1"]
[WhiteTeam "Portugal/Atlantidiagonal"]
[BlackTeam "Portugal/Atlantidiagonal II"]
[WhiteTeamCountry "POR"]
[BlackTeamCountry "POR"]

1. e4 e6 2. d4 d5 3. Nc3 Bb4 4. e5 c5 5. Bd2 cxd4 6. Nb5 Be7 7. f4 Nh6 8. Nxd4 Nc6 9. Ngf3 0-0 10. Bd3 Bc5 11. Nb3 Be7 12. Qe2 f5 13. 0-0-0 Bd7 14. h3 a5 15. g4 a4 16. Nbd4 Bc5 17. c3 Bxd4 18. Nxd4 Nxd4 19. cxd4 Rc8+ 20. Kb1 Qb6 21. a3 g6 22. g5 Nf7 23. h4 Nd8 24. h5 Be8 25. Bb4 Nc6 26. Bc5 Qa5 27. Bxf8 Kxf8 28. hxg6 Bxg6 29. Rh6 Nxd4 30. Qh2 Qc7 31. Rxg6 hxg6 32. Qh8+ Kf7 33. Qf6+ Kg8 34. Qxg6+ Kf8 35. Qf6+ Kg8 36. Bxf5 exf5 37. Rxd4 Qc1+ 38. Ka2 Qc2 39. Qe6+ Kg7 40. Qxd5 Rc7 41. e6 b5 42. Qe5+ Kg6 43. Qxb5 Kg7 44. Rd7+ Rxd7 1-0

[Event "Lisbon Portugal op"]
[Site "Lisbon"]
[Date "2017.02.10"]
[Round "9"]
[White "Fortunato, Antonio Eduardo"]
[Black "Martins, Jose Carlos Caetano"]
[Result "1/2-1/2"]
[WhiteElo "1659"]
[BlackElo "1433"]
[PlyCount "102"]
[EventDate "2017.02.04"]
[EventType "swiss"]
[EventRounds "9"]
[EventCountry "POR"]
[SourceTitle "CBM 176 Extra"]
[Source "ChessBase"]
[SourceDate "2017.03.02"]
[SourceVersion "1"]
[SourceVersionDate "2017.03.02"]
[SourceQuality "1"]

1. e4 c5 2. Nf3 Nc6 3. Nc3 g6 4. b3 Bg7 5. Bb2 d6 6. Be2 Nf6 7. d3 0-0 8. 0-0 Qa5 9. Nd5 Nxd5 10. Bxg7 Nc3 11. Bxc3 Qxc3 12. Qd2 Qxd2 13. Nxd2 Nd4 14. Bd1 e6 15. c3 Nb5 16. c4 Nc7 17. f4 Rd8 18. Bc2 a6 19. Nf3 d5 20. Rad1 b5 21. d4 cxd4 22. cxd5 exd5 23. Rxd4 Bb7 24. exd5 Rxd5 25. Be4 Rxd4 26. Bxb7 Rxf4 27. Bxa8 Nxa8 28. Rc1 Kg7 29. Rc8 Nb6 30. Rc6 Rf6 31. Rc7 Nd5 32. Rc5 Nb4 33. a3 Nd3 34. Rc3 Nf4 35. Rc8 Ne2+ 36. Kf2 Nd4 37. b4 Nxf3 38. gxf3 a5 39. Rc5 axb4 40. axb4 Rf5 41. Rxf5 gxf5 42. Ke3 Kf6 43. Kd4 Kg5 44. Kc5 Kf4 45. Kxb5 Kxf3 46. Kc5 Ke2 47. b5 f4 48. b6 f3 49. b7 f2 50. b8Q f1Q 51. Qb2+ Ke1 1/2-1/2

[Event "Lisbon Portugal op"]
[Site "Lisbon"]
[Date "2017.02.04"]
[Round "1"]
[White "Rego, Pedro Filipe"]
[Black "Fortunato, Antonio Eduardo"]
[Result "1-0"]
[WhiteElo "2232"]
[BlackElo "1659"]
[PlyCount "103"]
[EventDate "2017.02.04"]
[EventType "swiss"]
[EventRounds "9"]
[EventCountry "POR"]
[SourceTitle "CBM 176 Extra"]
[Source "ChessBase"]
[SourceDate "2017.03.02"]
[SourceVersion "1"]
[SourceVersionDate "2017.03.02"]
[SourceQuality "1"]

1. Nf3 g6 2. e4 Bg7 3. d4 e6 4. Bf4 f6 5. Be3 d6 6. c4 c6 7. Nc3 Ne7 8. Qd2 0-0 9. Bh6 a6 10. Bxg7 Kxg7 11. h4 h5 12. Bd3 e5 13. dxe5 dxe5 14. Qe3 Be6 15. Rd1 Nd7 16. Nd2 b5 17. f3 Qb6 18. Qxb6 Nxb6 19. c5 Nd7 20. b4 a5 21. a3 axb4 22. axb4 Ra3 23. Rc1 Rfa8 24. Ke2 Kh6 25. Rhd1 g5 26. hxg5+ fxg5 27. Bxb5 Rxc3 28. Rxc3 cxb5 29. c6 Nb6 30. Rc5 Na4 31. Rxe5 Nc3+ 32. Ke1 Nxd1 33. Rxe6+ Ng6 34. Kxd1 Rc8 35. Nf1 Kg7 36. Ne3 Kf7 37. Rd6 Ne5 38. Rd5 Ke6 39. Rxb5 Rxc6 40. Rb8 Ra6 41. Re8+ Kf6 42. Nd5+ Kg6 43. Rxe5 Ra1+ 44. Ke2 h4 45. b5 h3 46. gxh3 Kh5 47. Nc3 Rc1 48. Kd2 Rf1 49. b6 Rxf3 50. Rf5 Rxh3 51. b7 Rh2+ 52. Ne2 1-0

[Event "Portugal op"]
[Site "Oeiras"]
[Date "2015.09.02"]
[Round "6"]
[White "Fidalgo, Daniel Neves"]
[Black "Fortunato, Antonio Eduardo"]
[Result "1/2-1/2"]
[WhiteElo "1802"]
[BlackElo "1642"]
[PlyCount "98"]
[EventDate "2015.08.30"]
[EventType "swiss"]
[EventRounds "9"]
[EventCountry "POR"]
[SourceTitle "EXT 2016"]
[Source "ChessBase"]
[SourceDate "2015.10.08"]
[SourceVersion "1"]
[SourceVersionDate "2015.10.08"]
[SourceQuality "1"]

1. c4 c5 2. g3 g6 3. Bg2 Bg7 4. Nc3 Nc6 5. Nf3 Nf6 6. 0-0 0-0 7. Rb1 d6 8. a3 Bf5 9. d3 Qd7 10. Re1 Rab8 11. b4 Nd4 12. Nxd4 cxd4 13. Nb5 a6 14. Nxd4 Bh3 15. Bh1 e5 16. Nc2 d5 17. Ne3 d4 18. Nd5 Ng4 19. a4 f5 20. Qb3 e4 21. Nf4 Nxf2 22. Kxf2 e3+ 23. Kg1 Bg4 24. Ne6 Rf6 25. Bd5 Rxe6 26. Bxe6+ Qxe6 27. c5 Qxb3 28. Rxb3 f4 29. gxf4 Rf8 30. Rb2 Bh3 31. Rf1 Bxf1 32. Kxf1 Rxf4+ 33. Kg2 Rf2+ 34. Kg1 Be5 35. Rc2 Bxh2+ 36. Kh1 Bc7 37. Bb2 Be5 38. b5 axb5 39. axb5 Rf1+ 40. Kg2 Rd1 41. Bxd4 Bxd4 42. c6 bxc6 43. bxc6 Rd2 44. Rxd2 exd2 45. c7 d1Q 46. c8Q+ Kg7 47. Qd7+ Kf8 48. Qd8+ Kf7 49. Qd7+ Kf8 1/2-1/2

[Event "Portugal op"]
[Site "Oeiras"]
[Date "2015.09.01"]
[Round "4"]
[White "Fortunato, Antonio Eduardo"]
[Black "Silva, Mariana Sofia Teixe"]
[Result "0-1"]
[WhiteElo "1642"]
[BlackElo "1839"]
[PlyCount "74"]
[EventDate "2015.08.30"]
[EventType "swiss"]
[EventRounds "9"]
[EventCountry "POR"]
[SourceTitle "EXT 2016"]
[Source "ChessBase"]
[SourceDate "2015.10.08"]
[SourceVersion "1"]
[SourceVersionDate "2015.10.08"]
[SourceQuality "1"]

1. d4 Nf6 2. c4 g6 3. Nc3 Bg7 4. Nf3 d6 5. e4 0-0 6. h3 e5 7. d5 Nh5 8. g4 Nf4 9. Be3 Na6 10. Qd2 Qe7 11. Bxf4 exf4 12. Qxf4 f5 13. gxf5 gxf5 14. Qg5 Re8 15. Qxe7 Rxe7 16. Nd2 Nc5 17. Rg1 fxe4 18. Rg3 Kh8 19. 0-0-0 Be5 20. Ndxe4 Bf4+ 21. Nd2 Bxg3 22. fxg3 Bf5 23. g4 Bd3 24. a3 Rae8 25. b4 Bxf1 26. bxc5 Bxh3 27. cxd6 cxd6 28. Nde4 Rxe4 29. Nxe4 Rxe4 30. g5 Rxc4+ 31. Kb2 Rg4 32. Rh1 Bg2 33. Rh6 Rxg5 34. Rxd6 Rxd5 35. Re6 h5 36. Kc3 Rg5 37. Kb4 Kg7 0-1

[Event "Portugal op"]
[Site "Oeiras"]
[Date "2015.08.31"]
[Round "3"]
[White "Fortunato, Antonio Eduardo"]
[Black "Passeiro, Lourenco M Vilarigu"]
[Result "1-0"]
[WhiteElo "1642"]
[BlackElo "1310"]
[PlyCount "95"]
[EventDate "2015.08.30"]
[EventType "swiss"]
[EventRounds "9"]
[EventCountry "POR"]
[SourceTitle "EXT 2016"]
[Source "ChessBase"]
[SourceDate "2015.10.08"]
[SourceVersion "1"]
[SourceVersionDate "2015.10.08"]
[SourceQuality "1"]

1. e4 c5 2. Nf3 e6 3. d4 cxd4 4. Nxd4 Nf6 5. Bd3 Nc6 6. c3 Be7 7. 0-0 0-0 8. f4 Qb6 9. e5 Nd5 10. Kh1 a6 11. Nxc6 bxc6 12. f5 exf5 13. Bxf5 d6 14. exd6 Bxf5 15. dxe7 Nxe7 16. Nd2 Rad8 17. Qe1 Rfe8 18. Nc4 Qc5 19. b3 Ng6 20. Be3 Qd5 21. Qg3 h6 22. Rad1 Qxd1 23. Rxd1 Rxd1+ 24. Bg1 Ree1 25. Qb8+ Kh7 26. h3 Rxg1+ 27. Kh2 Be4 28. Ne3 Rd2 29. Kxg1 Rxa2 30. Qe8 Bd5 31. Nxd5 cxd5 32. Qxf7 Rc2 33. Qf3 a5 34. h4 Rc1+ 35. Kh2 Nxh4 36. Qf4 Rxc3 37. Qxh4 Rxb3 38. Qd4 Ra3 39. Qxd5 Ra1 40. Kg3 a4 41. Qd4 Ra3+ 42. Kg4 Ra2 43. g3 Rh2 44. Qxa4 h5+ 45. Kg5 h4 46. Qe4+ Kh8 47. Kg6 Rf2 48. Qa8+ 1-0

[Event "Lisbon Check Mate op 3rd"]
[Site "Lisbon"]
[Date "2015.08.13"]
[Round "6"]
[White "Fortunato, Antonio Eduardo"]
[Black "Reis, Luis Sousa"]
[Result "0-1"]
[WhiteElo "1642"]
[BlackElo "2196"]
[PlyCount "66"]
[EventDate "2015.08.08"]
[EventType "swiss"]
[EventRounds "7"]
[EventCountry "POR"]
[SourceTitle "EXT 2017"]
[Source "ChessBase"]
[SourceDate "2016.10.25"]
[SourceVersion "1"]
[SourceVersionDate "2016.10.25"]
[SourceQuality "1"]

1. e4 d5 2. exd5 Nf6 3. c4 c6 4. dxc6 Nxc6 5. Nc3 e5 6. d3 Bb4 7. a3 Bxc3+ 8. bxc3 0-0 9. Bg5 h6 10. Bh4 Qa5 11. Qd2 Nd7 12. Be2 Nc5 13. Bd1 Bf5 14. Bc2 f6 15. Ne2 Rad8 16. Nc1 Ne4 17. Nb3 Nxd2 18. Nxa5 Nxa5 19. Kxd2 Nxc4+ 20. Ke2 Nb2 21. Rhb1 Nxd3 22. Ke3 b6 23. f3 Bh7 24. Rd1 Nf4 25. Bxh7+ Kxh7 26. Rxd8 Rxd8 27. Ra2 Rd3+ 28. Ke4 Rxc3 29. Be1 Rc4+ 30. Kf5 Nd3 31. Bd2 Kg8 32. g3 Kf7 33. f4 Nf2 0-1

[Event "Lisbon Check Mate op 3rd"]
[Site "Lisbon"]
[Date "2015.08.08"]
[Round "2"]
[White "Fortunato, Antonio Eduardo"]
[Black "Santos, Jose Alves"]
[Result "0-1"]
[WhiteElo "1642"]
[BlackElo "2205"]
[PlyCount "40"]
[EventDate "2015.08.08"]
[EventType "swiss"]
[EventRounds "7"]
[EventCountry "POR"]
[SourceTitle "EXT 2017"]
[Source "ChessBase"]
[SourceDate "2016.10.25"]
[SourceVersion "1"]
[SourceVersionDate "2016.10.25"]
[SourceQuality "1"]

1. e4 b6 2. d4 Bb7 3. d5 e6 4. c4 exd5 5. cxd5 Nf6 6. Nc3 Bb4 7. Bd3 Qe7 8. Qc2 Bxd5 9. f3 Bb7 10. Bg5 h6 11. Bh4 Bxc3+ 12. bxc3 d5 13. Ne2 dxe4 14. fxe4 Nbd7 15. Bxf6 Qxf6 16. Ng3 0-0-0 17. 0-0-0 Nc5 18. Rhf1 Qg5+ 19. Kb2 Nxd3+ 20. Rxd3 Qb5+ 0-1

[Event "Coimbra Queima das Fitas op"]
[Site "Coimbra"]
[Date "2015.05.01"]
[Round "3"]
[White "Loo, Bernd"]
[Black "Fortunato, Antonio Eduardo"]
[Result "0-1"]
[WhiteElo "1869"]
[BlackElo "1684"]
[PlyCount "80"]
[EventDate "2015.04.30"]
[EventType "swiss"]
[EventRounds "7"]
[EventCountry "POR"]
[SourceTitle "EXT 2018"]
[Source "ChessBase"]
[SourceDate "2017.10.13"]
[SourceVersion "1"]
[SourceVersionDate "2017.10.13"]
[SourceQuality "1"]

1. e4 c6 2. d4 d5 3. e5 e6 4. c3 c5 5. Nf3 cxd4 6. cxd4 Nc6 7. Bd3 h6 8. 0-0 Nge7 9. Nc3 a6 10. a3 Nf5 11. Ne2 Be7 12. b4 Qb6 13. Bb2 0-0 14. Nc3 Nfxd4 15. Nxd4 Qxd4 16. Na4 Qa7 17. Rc1 Bd7 18. Kh1 Rac8 19. f4 f5 20. g4 b5 21. Nc3 Qb7 22. gxf5 exf5 23. Qf3 Be6 24. Nxd5 Bh4 25. Ne3 Qd7 26. Rcd1 Qf7 27. Be2 Be7 28. Qg2 Bd8 29. Bf3 Bb6 30. Nd5 Ba7 31. Nf6+ Kh8 32. Bxc6 gxf6 33. exf6 Rg8 34. Qh3 Rg6 35. Bg2 Rc2 36. Be5 Rcxg2 37. Qf3 Bd5 38. Qxd5 Qxd5 39. f7+ Kh7 40. f8N+ Kg8 0-1

[Event "Lisbon-ch"]
[Site "Lisbon"]
[Date "2015.02.10"]
[Round "6"]
[White "Fortunato, Antonio Eduardo"]
[Black "Reis, Luis Sousa"]
[Result "0-1"]
[WhiteElo "1691"]
[BlackElo "2174"]
[PlyCount "77"]
[EventDate "2015.01.27"]
[EventType "swiss"]
[EventRounds "7"]
[EventCountry "POR"]
[SourceTitle "CBM 164 Extra"]
[Source "ChessBase"]
[SourceDate "2015.03.02"]
[SourceVersion "1"]
[SourceVersionDate "2015.03.02"]
[SourceQuality "1"]

1. e4 Nc6 2. d4 d5 3. e5 f6 4. f4 Bf5 5. Bb5 Qd7 6. c3 e6 7. Nf3 a6 8. Qa4 Nge7 9. 0-0 Rd8 10. Be2 Nxe5 11. Qb3 Nxf3+ 12. Bxf3 Qb5 13. Qd1 g6 14. Re1 h5 15. Nd2 Kf7 16. Nb3 Nc8 17. a4 Qd7 18. Nc5 Bxc5 19. dxc5 b6 20. Be3 Rhe8 21. cxb6 Nxb6 22. Bd4 Qd6 23. a5 Nd7 24. Be3 c5 25. Qd2 Rb8 26. h3 c4 27. g4 hxg4 28. hxg4 Bd3 29. b4 Rh8 30. Kg2 g5 31. Rh1 gxf4 32. Bxf4 e5 33. Bg3 Qe6 34. g5 f5 35. Bh5+ Rxh5 36. Rxh5 f4 37. Bxf4 Qg4+ 38. Bg3 Qxh5 39. Rh1 0-1

[Event "Lisbon Christmas op"]
[Site "Lisbon"]
[Date "2014.12.30"]
[Round "8"]
[White "Fortunato, Antonio Eduardo"]
[Black "Soares, Joao Diogo Pedreiro"]
[Result "0-1"]
[WhiteElo "1679"]
[BlackElo "1483"]
[PlyCount "74"]
[EventDate "2014.12.26"]
[EventType "swiss"]
[EventRounds "9"]
[EventCountry "POR"]
[SourceTitle "EXT 2018"]
[Source "ChessBase"]
[SourceDate "2017.10.13"]
[SourceVersion "1"]
[SourceVersionDate "2017.10.13"]
[SourceQuality "1"]

1. b3 d5 2. Bb2 c5 3. e3 Nf6 4. f4 Nc6 5. Nf3 e6 6. Be2 Be7 7. 0-0 0-0 8. Ne5 d4 9. Nxc6 bxc6 10. Bf3 Qb6 11. exd4 cxd4 12. d3 Ba6 13. a4 Rac8 14. a5 Qd8 15. Nd2 c5 16. Ne4 Nd5 17. Qd2 Qc7 18. Bd1 Ne3 19. Rf3 Bb7 20. Rxe3 dxe3 21. Qxe3 Bxe4 22. dxe4 c4 23. Qg3 c3 24. Bc1 Rfd8 25. Be2 Bb4 26. Bd3 Bxa5 27. h4 Bb6+ 28. Kf1 Qc5 29. Ke2 Qh5+ 30. Ke1 Qg6 31. Qf3 h5 32. f5 exf5 33. exf5 Re8+ 34. Kf1 Qd6 35. Bf4 Qd4 36. Bh2 Qxh4 37. Bg1 Qh1 0-1

[Event "Lisbon Honra-B"]
[Site "Lisbon"]
[Date "2014.06.10"]
[Round "5"]
[White "Fortunato, Antonio Eduardo"]
[Black "Ferreira, Hugo Miguel da Cost"]
[Result "0-1"]
[WhiteElo "1684"]
[BlackElo "1884"]
[PlyCount "100"]
[EventDate "2014.06.08"]
[EventType "tourn"]
[EventRounds "9"]
[EventCountry "POR"]
[SourceTitle "EXT 2015"]
[Source "ChessBase"]
[SourceDate "2014.11.20"]
[SourceVersion "1"]
[SourceVersionDate "2014.11.20"]
[SourceQuality "1"]

1. e4 d5 2. exd5 Qxd5 3. Nc3 Qd8 4. d3 e5 5. g3 c6 6. Bg2 Nf6 7. Nge2 Bg4 8. 0-0 Be7 9. Re1 0-0 10. Be3 Nd5 11. Nxd5 cxd5 12. c3 Nc6 13. Qb3 d4 14. Qxb7 dxe3 15. Qxc6 exf2+ 16. Kxf2 Qxd3 17. Qc7 Bd6 18. Qc6 Rac8 19. Qe4 Bc5+ 20. Kf1 Qxe4 21. Bxe4 f5 22. Bd5+ Kh8 23. Kg2 e4 24. Nf4 Rfd8 25. c4 Bd4 26. Rab1 g5 27. Nh3 Rxd5 28. Nxg5 Rxc4 29. Rbc1 Rdc5 30. Rxc4 Rxc4 31. h3 Rc2+ 32. Kf1 Rf2+ 33. Kg1 Rxb2+ 34. Kf1 Rf2+ 35. Kg1 Rxa2+ 36. Kf1 Rf2+ 37. Kg1 Re2+ 38. Kf1 Rxe1+ 39. Kxe1 Bf3 40. g4 fxg4 41. hxg4 Be3 42. Nf7+ Kg7 43. Ne5 Bf4 44. Nc6 e3 45. Nd4 Bg3+ 46. Kf1 Bxg4 47. Kg1 e2 48. Nf3 Bh2+ 49. Nxh2 e1Q+ 50. Kg2 h5 0-1

[Event "Lisbon Honra-B"]
[Site "Lisbon"]
[Date "2014.06.10"]
[Round "4"]
[White "Soares, Pedro Jose Garcia P"]
[Black "Fortunato, Antonio Eduardo"]
[Result "0-1"]
[WhiteElo "1724"]
[BlackElo "1684"]
[PlyCount "50"]
[EventDate "2014.06.08"]
[EventType "tourn"]
[EventRounds "9"]
[EventCountry "POR"]
[SourceTitle "EXT 2015"]
[Source "ChessBase"]
[SourceDate "2014.11.20"]
[SourceVersion "1"]
[SourceVersionDate "2014.11.20"]
[SourceQuality "1"]

1. d4 Nf6 2. c4 c5 3. d5 d6 4. Nc3 g6 5. e4 Bg7 6. Be2 0-0 7. h4 h5 8. f3 Nbd7 9. Nh3 Ne5 10. Nf2 a6 11. g4 e6 12. gxh5 exd5 13. f4 Nxc4 14. exd5 Re8 15. hxg6 fxg6 16. Qd3 Nb6 17. Qxg6 Nfxd5 18. Bd2 Qe7 19. Nfe4 Rf8 20. Ng5 Bf5 21. Qh5 Nxc3 22. bxc3 Rae8 23. Rh2 c4 24. 0-0-0 d5 25. Bg4 Qa3# 0-1

[Event "Lisbon Honra-B"]
[Site "Lisbon"]
[Date "2014.06.08"]
[Round "2"]
[White "Fortunato, Antonio Eduardo"]
[Black "Alves, Fernando Pereira"]
[Result "0-1"]
[WhiteElo "1684"]
[BlackElo "1800"]
[PlyCount "146"]
[EventDate "2014.06.08"]
[EventType "tourn"]
[EventRounds "9"]
[EventCountry "POR"]
[SourceTitle "EXT 2015"]
[Source "ChessBase"]
[SourceDate "2014.11.20"]
[SourceVersion "1"]
[SourceVersionDate "2014.11.20"]
[SourceQuality "1"]

1. d4 Nf6 2. c4 c5 3. d5 b5 4. Bg5 Qb6 5. Bxf6 Qxf6 6. Qc2 g6 7. cxb5 Bg7 8. Nc3 d6 9. e4 0-0 10. Nf3 Nd7 11. Be2 Nb6 12. a4 a5 13. 0-0 e6 14. Ra2 Bb7 15. Rd1 Qe7 16. e5 exd5 17. exd6 Qf6 18. d7 Rad8 19. Nb1 Nxd7 20. Qd2 Rfe8 21. Bf1 Qb6 22. b3 Nf6 23. Qf4 Re4 24. Qg5 h6 25. Qc1 Re7 26. Rc2 Rc8 27. Nbd2 Ne4 28. Nxe4 Rxe4 29. Bd3 Re7 30. Re1 Rec7 31. Qf4 Qf6 32. Qd2 c4 33. bxc4 dxc4 34. Be4 Bxe4 35. Rxe4 c3 36. Qe2 Qd6 37. g3 Kh7 38. Kg2 Qd5 39. h4 Rc4 40. Rxc4 Rxc4 41. Ra2 Rb4 42. Qc2 Qb7 43. h5 Qd5 44. hxg6+ fxg6 45. Ra1 Rb2 46. Rd1 Qxf3+ 47. Kxf3 Rxc2 48. Ke3 Rb2 49. Kd3 Rb4 50. Ra1 Kg8 51. f4 Kf7 52. Kc2 Kf6 53. Rd1 Ke6 54. Re1+ Kd6 55. Rb1 Rxa4 56. b6 Rb4 57. Ra1 Rb5 58. Rd1+ Kc6 59. Re1 Rxb6 60. Re6+ Kc5 61. Re7 Bd4 62. Rc7+ Kb4 63. Rd7 Bf6 64. Rh7 h5 65. f5 gxf5 66. Rxh5 Rb5 67. Rh6 Bg5 68. Rc6 a4 69. Rd6 Bd2 70. g4 f4 71. Rf6 Rg5 72. Rb6+ Kc5 73. Ra6 Kb5 0-1

[Event "Coimbra op"]
[Site "Coimbra"]
[Date "2014.04.27"]
[Round "6"]
[White "Nunes, Urbano"]
[Black "Fortunato, Antonio Eduardo"]
[Result "1-0"]
[WhiteElo "1480"]
[BlackElo "1699"]
[PlyCount "81"]
[EventDate "2014.04.25"]
[EventType "swiss"]
[EventRounds "7"]
[EventCountry "POR"]
[SourceTitle "CBM 160 Extra"]
[Source "ChessBase"]
[SourceDate "2014.07.01"]
[SourceVersion "1"]
[SourceVersionDate "2014.07.01"]
[SourceQuality "1"]

1. e4 d5 2. exd5 c6 3. Nc3 cxd5 4. Bb5+ Nc6 5. d4 e6 6. Nf3 g6 7. Bf4 Bg7 8. Ne5 Bd7 9. Qd2 Nge7 10. 0-0-0 0-0 11. g4 f5 12. g5 a6 13. Bxc6 Bxc6 14. h4 Be8 15. Qe2 Qc8 16. h5 gxh5 17. Rxh5 Bxe5 18. Bxe5 Bxh5 19. Qxh5 Qe8 20. Qh2 Qg6 21. Rg1 Rac8 22. Bf6 Rf7 23. Qd6 Rxf6 24. Qxe7 Rf7 25. Qd6 f4 26. Rg4 Qf5 27. f3 Rfc7 28. Kb1 Rf7 29. Rg2 Qh3 30. Rg1 Qf5 31. Re1 Re8 32. Nxd5 Qxg5 33. Nc7 Rxc7 34. Qxc7 Re7 35. Qc8+ Kf7 36. a3 h5 37. Qh8 Qf5 38. Rg1 e5 39. dxe5 Qxe5 40. Qg8+ Kf6 41. Qg6# 1-0

[Event "Coimbra op"]
[Site "Coimbra"]
[Date "2014.04.26"]
[Round "5"]
[White "Fortunato, Antonio Eduardo"]
[Black "Nogueira, Anibal"]
[Result "1-0"]
[WhiteElo "1699"]
[BlackElo "1395"]
[PlyCount "47"]
[EventDate "2014.04.25"]
[EventType "swiss"]
[EventRounds "7"]
[EventCountry "POR"]
[SourceTitle "CBM 160 Extra"]
[Source "ChessBase"]
[SourceDate "2014.07.01"]
[SourceVersion "1"]
[SourceVersionDate "2014.07.01"]
[SourceQuality "1"]

1. e4 e5 2. Nf3 Nc6 3. Bb5 a6 4. Bc4 Nf6 5. Ng5 d5 6. exd5 Na5 7. Be2 Qxd5 8. 0-0 Be7 9. Nc3 Qd7 10. d3 0-0 11. a3 h6 12. Nge4 Rd8 13. Nxf6+ Bxf6 14. Ne4 Qe7 15. f4 Bf5 16. fxe5 Qxe5 17. Nxf6+ Qxf6 18. Kh1 Qe6 19. Bf4 Be4 20. Qe1 Bxg2+ 21. Kxg2 Qc6+ 22. Bf3 Qxc2+ 23. Rf2 Qxd3 24. Qxa5 1-0

[Event "Coimbra op"]
[Site "Coimbra"]
[Date "2014.04.26"]
[Round "4"]
[White "Gomes, Hugo Antonio Alexan"]
[Black "Fortunato, Antonio Eduardo"]
[Result "1-0"]
[WhiteElo "1590"]
[BlackElo "1699"]
[PlyCount "73"]
[EventDate "2014.04.25"]
[EventType "swiss"]
[EventRounds "7"]
[EventCountry "POR"]
[SourceTitle "CBM 160 Extra"]
[Source "ChessBase"]
[SourceDate "2014.07.01"]
[SourceVersion "1"]
[SourceVersionDate "2014.07.01"]
[SourceQuality "1"]

1. e4 d5 2. exd5 c6 3. d4 cxd5 4. Nf3 g6 5. Nc3 Nf6 6. h3 Bg7 7. Bd3 0-0 8. 0-0 Nc6 9. Bf4 a6 10. a3 Nh5 11. Be5 f6 12. Bh2 e5 13. dxe5 fxe5 14. Nd2 e4 15. Be2 Nf4 16. Bxf4 Rxf4 17. Nxd5 Rf5 18. Ne3 Re5 19. Ndc4 Qe7 20. Nxe5 Nxe5 21. Qd5+ Nf7 22. c3 Kh8 23. Rad1 Be5 24. Bc4 Kg7 25. f4 exf3 26. Rxf3 Ng5 27. Qg8+ Kh6 28. Qf8+ Qg7 29. Rff1 Ne4 30. Qxg7+ Kxg7 31. Rf7+ Kh6 32. Re7 Bxc3 33. bxc3 Nxc3 34. Rd8 b5 35. Bg8 Nb1 36. h4 g5 37. Rd6+ 1-0